Longest Subdivision Names - Statistics

General Stats
  • This quiz has been taken 4 times
  • The average score is 10 of 18
Answer Stats
Hint Answer % Correct
Tajikistan (43) Districts under Central Government Jurisdiction
100%
Bosnia and Herzegovina (32) Federation of Bosnia and Herzegovina
100%
Greece (36) Peloponnese, Western Greece and the Ionian
100%
Ethiopia (44) Southern Nations, Nationalities, and Peoples' Region
100%
India (33) Dadra and Nagar Haveli and Daman and Diu
75%
Guyana (28) Essequibo Islands- West Demerara
75%
Ethiopia (30) South West Ethiopia Peoples' Region
75%
Grenada (28) Carriacou and Petite Martinique
50%
Colombia (36) San Andrés, Providencia and Santa Catalina
50%
Indonesia (30) Special Capital Region of Jakarta
50%
Iceland (34) Sveitarfélagið Skagafjörður og Akrahreppur
50%
Iceland (31) Langanesbyggð og Svalbarðshreppur
25%
Georgia (29) Racha-Lechkhumi and Kvemo Svaneti
25%
United Kingdom (37) Saint Helena, Ascension, and Tristan da Cunha
25%
Slovenia (30) Sveta Trojica v Slovenskih Goricah
25%
Slovenia (29) Sveti Andraž v Slovenskih Goricah
25%
Slovenia (28) Sveti Jurij v Slovenskih Goricah
25%
Iceland (32) Stykkishólmsbær og Helgafellssveit
0%
No matching quizzes found
Score Distribution
Percent of People with Each Score
Percentile by Number Answered
Your Score History
You have not taken this quiz